000 00655nam a2200193Ia 4500
005 20250326143111.0
008 250326s9999 xx 000 0 und d
020 _a81-7188-300-1
037 _aTextbook
040 _aFMSL
_beng
_cFMSL
041 _aeng
_2eng
084 _aX.44r P3
_qFMSL
100 _aPlanning Commision, Governemnt OF India
_9747140
245 0 _aIndia's five year plans : First five year plan (1951-56) to Tenth five year Plan 2002-2007
_cPlanning Commision, Governemnt OF India
260 _aNew Delhi
_bNew Delhi, Academic Foundation
_c2003
300 _a222p
942 _cTB
_hX.44r P3
999 _c1298102
_d1298102